| 000 | 007960000a22001210004500 | ||
|---|---|---|---|
| 100 | 1 | _aGallazzi, Sandro | |
| 245 | 1 | 0 | _aApócrifos del Primer Testamento - ¿Memorias de un olvidado diálogo judío-cristiano? |
| 300 | _aNum. 40 (2001), Páginas 84 - 90 | ||
| 520 | _aEste ensayo discute la hipótesis de diálogo ecuménico entre el mundo judío y el mundo cristiano, del cual los llamados apócrifos del Primer Testamento, en su redacción final, serían una señal inequívoca. Al destacar ejemplos de relectura cristiana de los mismos, presentamos algunos temas teológicos, casi ausentes en los textos canónicos, pero que pasaron a ser patrimonio común a través de estos apócrifos. | ||
| 650 | 1 | 4 | _aAPÓCRIFOS |
| 773 | 0 | _tRevista de Interpretación Bíblica Latinoamericana | |
| 942 | _cANA | ||
| 999 |
_c52631 _d52631 |
||